Catálogo
 En Linea

Ramón Cáceres / (Registro nro. 25559)

Detalles MARC
000 -CABECERA
campo de control de longitud fija 00980nam a2200289 i 4500
001 - NÚMERO DE CONTROL
campo de control 000026067
003 - IDENTIFICADOR DEL NÚMERO DE CONTROL
campo de control DO-SdBNP
005 - FECHA Y HORA DE LA ÚLTIMA TRANSACCIÓN
campo de control 20260407101925.0
007 - CAMPO FIJO DE DESCRIPCIÓN FÍSICA--INFORMACIÓN GENERAL
campo de control de longitud fija ta
008 - DATOS DE LONGITUD FIJA--INFORMACIÓN GENERAL
campo de control de longitud fija 100330s1964 dr a r 000 0bspa d
040 ## - FUENTE DE LA CATALOGACIÓN
Centro catalogador/agencia de origen DO-SdBNP
Lengua de catalogación spa
Centro/agencia transcriptor BNPHU
Normas de descripción rda
041 ## - CÓDIGO DE LENGUA
Código de lengua del texto/banda sonora o título independiente spa
082 #4 - NÚMERO DE LA CLASIFICACIÓN DECIMAL DEWEY
Número de clasificación 923.17293
Número de documento/Ítem C118T
Número de edición 22
100 1# - ENTRADA PRINCIPAL--NOMBRE DE PERSONA
Nombre de persona Troncoso Sánchez, Pedro,
Fechas asociadas al nombre 1904-1989
Término indicativo de función/relación autor
Código de función/relación aut.
9 (RLIN) 23599
245 10 - MENCIÓN DE TÍTULO
Título Ramón Cáceres /
Mención de responsabilidad, etc. Pedro Troncoso Sánchez.
264 #1 - PRODUCCIÓN, PUBLICACIÓN, DISTRIBUCIÓN, FABRICACIÓN Y COPYRIGHT
Producción, publicación, distribución, fabricación y copyright Santo Domingo :
Nombre del de productor, editor, distribuidor, fabricante Editorial Stella,
Fecha de producción, publicación, distribución, fabricación o copyright 1964.
300 ## - DESCRIPCIÓN FÍSICA
Extensión 399 páginas :
Otras características físicas ilustraciones ; retratos ;
Dimensiones 21 cm.
336 ## - TIPO DE CONTENIDO
Término de tipo de contenido texto
Código de tipo de contenido txt
Fuente rdacontent
337 ## - TIPO DE MEDIO
Nombre/término del tipo de medio sin mediación
Código del tipo de medio n
Fuente rdamedia
338 ## - TIPO DE SOPORTE
Nombre/término del tipo de soporte volumen
Código del tipo de soporte nc
Fuente rdacarrier
590 ## - NOTA LOCAL (RLIN)
Nota local Inventariado, 2019/VM
600 14 - PUNTO DE ACCESO ADICIONAL DE MATERIA--NOMBRE DE PERSONA
Nombre de persona Cáceres, Ramón,
Fechas asociadas al nombre 1866-1911
9 (RLIN) 196
650 #4 - PUNTO DE ACCESO ADICIONAL DE MATERIA--TÉRMINO DE MATERIA
Término de materia o nombre geográfico como elemento de entrada Presidentes
Subdivisión geográfica República Dominicana
Subdivisión general Biografías
9 (RLIN) 1790
651 #4 - PUNTO DE ACCESO ADICIONAL DE MATERIA--NOMBRE GEOGRÁFICO
Nombre geográfico República Dominicana --
Subdivisión general Historia --
Subdivisión cronológica 1844-1930
9 (RLIN) 1009
910 ## - DATOS DE OPCIÓN DEL USUARIO (OCLC)
Datos de opción del usuario Validado. Control de calidad. MFF
942 ## - ELEMENTOS DE PUNTO DE ACCESO ADICIONAL (KOHA)
Fuente del sistema de clasificación o colocación Dewey Decimal Classification
Tipo de ítem Koha Libro
Existencias
Estado de retiro Estado de pérdida Fuente del sistema de clasificación o colocación Restricciones de uso No para préstamo Código de colección Localización permanente Ubicación/localización actual Ubicación en estantería Fecha de adquisición Total de préstamos Signatura topográfica completa Código de barras Fecha visto por última vez Número de copia Precio válido a partir de Tipo de ítem Koha Fuente de adquisición Nota pública
    Dewey Decimal Classification Préstamo en sala   Dominicana Referencia Raros y Valiosos Biblioteca Nacional Pedro Henríquez Ureña Biblioteca Nacional Pedro Henríquez Ureña Depósito 08.04.2011   BNPHU DS-RV 923.17293 C118T 1964 26067-30 25.06.2020 e. 3 25.06.2020 Libro    
    Dewey Decimal Classification Préstamo en sala   Dominicana Referencia Raros y Valiosos Biblioteca Nacional Pedro Henríquez Ureña Biblioteca Nacional Pedro Henríquez Ureña Depósito 18.06.2019   BNPHU DS-RV 923.17293 C118T 1964 26067-40 25.06.2020 e. 4 25.06.2020 Libro Donación Dedicado.
    Dewey Decimal Classification Préstamo en sala   Dominicana Referencia Raros y Valiosos Biblioteca Nacional Pedro Henríquez Ureña Biblioteca Nacional Pedro Henríquez Ureña Depósito 18.06.2019   BNPHU DS-RV 923.17293 C118T 1964 26067-50 25.06.2020 e. 5 25.06.2020 Libro Donado por Federico Henríquez Gratereaux Dedicado.
    Dewey Decimal Classification Excluido de préstamo   Patrimonio Dominicano Raros y Valiosos Biblioteca Nacional Pedro Henríquez Ureña Biblioteca Nacional Pedro Henríquez Ureña Depósito 31.03.2011   BNPHU PD-RV 923.17293 C118T 1964 26067-20 25.06.2020 e. 2 25.06.2020 Libro Donación Dedicado. Perteneció a la biblioteca personal de Germán Emilio Ornes.
    Dewey Decimal Classification Excluido de préstamo   Patrimonio Dominicano Raros y Valiosos Biblioteca Nacional Pedro Henríquez Ureña Biblioteca Nacional Pedro Henríquez Ureña Depósito 28.02.2011   BNPHU PD-RV 923.17293 C118T 1964 26067-10 25.06.2020   25.06.2020 Libro Donación Perteneció a la biblioteca personal de Martínez Boog.

Con tecnología Koha